000 00605nam a2200193 a 4500
008 960125s1973||||[C 0 slo c
040 _aSNK
_bslo
_cSNK
_eAACR2
041 1 _aslo
044 _axo
_cSK
080 _a808.2(023)
100 1 _aSundany, Arthur
_4aut
245 1 0 _aRuština do vrecka
_cArthur Sundany ; Podľa slov. štandard. textu Artura Sandanyho prel., uprav. a sov. reáliami dpol. Gerhard Baláž
250 _a1. vyd.
260 _aBratislava
_bSPN
_c1973
_ePrešov
_fDukelské tlač.
300 _a215, [7] s.
_c
700 1 _aBaláž, Gerhard
_4adp
020 _c13,50
958 _aA
999 _c19184
_d19184